000 00382nam a2200157 4500
008 170216s2006||||xo d
100 1 _aSloboda Aurel a kol.
_9182
245 1 0 _aKonštrukcia automobilov I.
250 _a1. vydanie
260 _bEmilena
_aKošice
_c2006
300 _a405 s.
020 _a80-8073-718-5
_c0
041 1 _aslo
044 _axo
_cSK
958 _aAPR
999 _c21306
_d21306